LDR 00768naa#a2200181#i#450# 001 EN\INFRA-M\bibl\124642 005 20260629171714.1 011 ## _a2500-3305 100 ## _a20260430b2026####ek#y0engy0150####ca 102 ## _aRU 200 1# _aAll-Russian scientific and practical conference with international participation "Modern school – school of dialogue: value dialogue of school, student, family" was held in St. Petersburg _eJournal article 210 1# _aMoscow _cINFRA-M Academic Publishing LLC. _d2026 215 ## _a3 с. 608 ## _aJournal article _2local 675 ## _aНародное образование. Воспитание. Обучение. Организация досуга. 37 _z 700 #1 _aGrebennikova _gO. M. 700 #1 _aPetrova _gS. I. 856 4# _anaukaru.ru _u